Carnegie Medal Winners Quiz Stats

 Plays Quiz Updated Apr 3, 2020

     
Support Sporcle.
Go Orange.
Score 0/80 Timer 15:00
0 Plays Today
Year Title % Correct
1992Flour Babies
34.2%
1995Northern Lights (His Dark Materials: Book 1)
30%
1969The Edge of the Cloud
28.7%
1972Watership Down
24.6%
1956The Last Battle
21.7%
1954Knight Crusader
21.1%
2012A Monster Calls
17.9%
1950The Lark on the Wing
17.3%
2016One
17.1%
1998Skellig
14.5%
2001The Amazing Maurice and his Educated Rodents
14.4%
1936Pigeon Post
14.1%
2019The Poet X
14.1%
2010The Graveyard Book
14.1%
2017Salt to the Sea
14%
1952The Borrowers
13.9%
2005Tamar
13.3%
2004Millions
13.1%
2013Maggot Moon
12%
2018Where the World Ends
11.4%
1996Junk
11.2%
1993Stone Cold
11.1%
1989Goggle-Eyes
10.7%
1964Nordy Bank
10.5%
2002Ruby Holler
10.3%
1937The Family from One End Street
10.2%
1971Josh
10%
2003A Gathering Light
9.6%
2014The Bunker Diary
9.5%
2015Buffalo Soldier
9.5%
1944The Wind on the Moon
9.4%
1990Wolf
9.3%
1942The Little Grey Men
9%
1967The Owl Service
8.7%
2000The Other Side of Truth
8.4%
1958Tom's Midnight Garden
8.3%
1999Postcards from No Man's Land
8.1%
1938The Circus is Coming
7.9%
1997River Boy
7.9%
1994Whispers in the Graveyard
7.7%
Year Title % Correct
1946The Little White Horse
7.6%
1975The Machine Gunners
7.1%
1979Tulku
7.1%
1986Granny Was a Buffer Girl
7%
2011Monsters of Men
7%
1949The Story of Your Home
6.7%
1970The God Beneath the Sea
6.7%
1941We Couldn't Leave Dinah
6.6%
1982The Haunting
6.6%
1948Sea Change
6.5%
1957A Grass Rope
6.5%
1959The Lantern Bearers
6.5%
1973The Ghost of Thomas Kempe
6.5%
1985Storm
6.5%
1988A Pack of Lies
6.5%
1939The Radium Woman
6.4%
1991Dear Nobody
6.3%
1987The Ghost Drum
6.1%
1983Handles
6.1%
1940Visitors from London
6%
1953A Valley Grows Up
6%
1961A Stranger at Green Knowe
6%
1968The Moon in the Cloud
6%
2009Bog Child
6%
1981The Scarecrows
5.9%
1976Thunder and Lightnings
5.8%
1955The Little Bookroom
5.7%
1980City of Gold
5.7%
1974The Stronghold
5.7%
1947Collected Stories for Children
5.6%
1984The Changeover: A Supernatural Romance
5.6%
1951The Wool-Pack
5.5%
1962The Twelve and the Genii
5.4%
2007Just in Case
5.4%
1963Time of Trial
5.4%
1960The Making of Man
5.3%
2008Here Lies Arthur
5.2%
1978The Exeter Blitz
5.1%
1977The Turbulent Term of Tyke Tiler
5%
1965The Grange at High Force
4.6%

From the Vault

Figure Out the Beatles Lyrics VI

by Zycoolaman

Music 8m
These quizzes are a lot easier now that the Beatles are on iTunes.
Remove Ads.
Support Sporcle.
Get the best of Sporcle when you Go Orange. This ad-free experience offers more features, more stats, and more fun while also helping to support Sporcle. Thank you for becoming a member.

Show Comments

Extras

Top Quizzes Today


Score Distribution

Your Account Isn't Verified!

In order to create a playlist on Sporcle, you need to verify the email address you used during registration. Go to your Sporcle Settings to finish the process.

Report this User

Report this user for behavior that violates our Community Guidelines.

Details: